00486nam a2200157Ia 450000500170000000800410001708200130005810000200007124500490009126000370014030000160017765000190019394200060021295200950021899900150031320240610025312.0240331s9999 xx 000 0 und d a301bWAR aMedoves,D.M. ed 0aWardanaye seema :b minis sanhathiyeiranama  aColombobMarga Ayathanaya c1975 axxi,169 p., asanwardhanaya  cL 001040708LaWERCLbWERCLcSSCd2024-03-31l0o 301 WARp1455r2024-03-31w2024-03-31yL c1050d1050